Glencoe physical science

Spremljeno u:
Bibliografski detalji
Format: Knjiga
Jezik:Undetermined
Izdano: New York Glencoe/McGraw-Hill 1997
Teme:
Oznake: Dodaj oznaku
Bez oznaka, Budi prvi tko označuje ovaj zapis!
Thư viện lưu trữ: Trung tâm Học liệu Trường Đại học Cần Thơ
LEADER 00404nam a2200157Ia 4500
001 CTU_116627
008 210402s9999 xx 000 0 und d
082 |a 500 
082 |b G558 
245 0 |a Glencoe physical science 
260 |a New York 
260 |b Glencoe/McGraw-Hill 
260 |c 1997 
650 |a Science and life 
904 |i Giang 
980 |a Trung tâm Học liệu Trường Đại học Cần Thơ